[Event "Brno /Olexa/"]
[Site "Brno"]
[Date "2023.12.30"]
[Round "6"]
[White "Schmid, Jaroslav"]
[Black "Divis, Jan"]
[Result "1/2-1/2"]
[WhiteElo "1914"]
[BlackElo "1536"]
[PlyCount "30"]
[EventDate "2023.12.??"]
[EventType "tourn"]
[EventRounds "7"]

1. e4 d5 2. exd5 Qxd5 3. Nc3 Qa5 4. d4 Nf6 5. Nf3 c6 6. h3 Bf5 7. Bc4 e6 8. Bd2
Nbd7 9. O-O Be7 10. Re1 Qc7 11. Bb3 O-O 12. Qe2 Bd6 13. Ne5 Bxe5 14. dxe5 Nd5
15. Nxd5 cxd5 1/2-1/2

[Event "Brno /Olexa/"]
[Site "Brno"]
[Date "2023.12.30"]
[Round "6"]
[White "Nisztuk, Michal"]
[Black "Zeman, Arnost"]
[Result "0-1"]
[WhiteElo "1447"]
[BlackElo "1706"]
[PlyCount "78"]
[EventDate "2023.12.??"]
[EventType "tourn"]
[EventRounds "7"]

1. e4 c5 2. f4 Nc6 3. c3 e6 4. Nf3 a6 5. d4 cxd4 6. cxd4 Nf6 7. Nc3 d5 8. e5
Ne4 9. Nxe4 dxe4 10. Ng5 Bb4+ 11. Bd2 Qxd4 12. Bxb4 Qxb4+ 13. Qd2 h6 14. Nh3
Qxd2+ 15. Kxd2 O-O 16. Nf2 Rd8+ 17. Ke3 Nb4 18. Kxe4 b5 19. Kf3 Rd2 20. a3 Nc2
21. Rd1 Bb7+ 22. Kg3 Rad8 23. Be2 Ne3 24. Rxd2 Nf5+ 25. Kh3 Rxd2 26. Re1 Nd4
27. Nd3 Rxe2 28. Rxe2 Nxe2 29. Nc5 Bc8 30. Kg4 Nd4 31. a4 bxa4 32. Nxa4 a5 33.
Kg3 Bb7 34. Kf2 Bc6 35. Nc5 a4 36. g3 Nb3 37. Nd3 Bb5 38. Ne1 Na5 39. Ke3 Nc4+
0-1

[Event "Brno /Olexa/"]
[Site "Brno"]
[Date "2023.12.30"]
[Round "6"]
[White "Cisar, Jiri"]
[Black "Rampulova, Marketa"]
[Result "1-0"]
[WhiteElo "1646"]
[BlackElo "1260"]
[PlyCount "75"]
[EventDate "2023.12.??"]
[EventType "tourn"]
[EventRounds "7"]

1. Nf3 Nf6 2. g3 g6 3. Bg2 Bg7 4. O-O O-O 5. c4 d6 6. d4 Nbd7 7. Nc3 e5 8. e3
a6 9. Qc2 Re8 10. Rd1 Qe7 11. b3 Rb8 12. Bb2 c5 13. dxe5 Nxe5 14. Nxe5 Qxe5 15.
Nd5 Qe6 16. Nc7 Qd7 17. Nxe8 Nxe8 18. Bxg7 Kxg7 19. Rd2 Qe7 20. Rad1 b5 21. Bc6
Bg4 22. Qc3+ Kg8 23. f3 Bd7 24. Bxd7 Qxd7 25. e4 Qe6 26. Rd5 b4 27. Qe3 Rc8 28.
e5 Rc6 29. Qf4 f6 30. exd6 Rxd6 31. Rxd6 Nxd6 32. Qxd6 Qe3+ 33. Kg2 Qe2+ 34.
Kh3 Qc2 35. Qe6+ Kg7 36. Rd7+ Kh6 37. Qxf6 Qe2 38. Qh4# 1-0

[Event "Brno /Olexa/"]
[Site "Brno"]
[Date "2023.12.30"]
[Round "6"]
[White "Timko, Daniel"]
[Black "Dolezal, Josef"]
[Result "1-0"]
[WhiteElo "1565"]
[BlackElo "1194"]
[PlyCount "65"]
[EventDate "2023.12.??"]
[EventType "tourn"]
[EventRounds "7"]

1. e4 c6 2. d4 d5 3. exd5 cxd5 4. c4 Nf6 5. Nc3 g6 6. Nf3 Bg7 7. Qb3 O-O 8.
cxd5 Nbd7 9. Bc4 Nb6 10. Ne5 Nxc4 11. Qxc4 Qd6 12. Bf4 Ng4 13. Ne4 Nxe5 14.
dxe5 Qd7 15. O-O b6 16. Rad1 Qf5 17. Ng3 Qg4 18. h3 Qd7 19. Rfe1 Bb7 20. Ne4
Rac8 21. Qd3 Qf5 22. Bg5 Qxe5 23. Nf6+ exf6 24. Rxe5 fxe5 25. Be7 e4 26. Qd2
Rfe8 27. d6 Bc6 28. Rc1 Bf8 29. Rxc6 Bxe7 30. Rxc8 Rxc8 31. dxe7 Re8 32. Qd8
Rxd8 33. exd8=Q+ 1-0

[Event "Brno /Olexa/"]
[Site "Brno"]
[Date "2023.12.30"]
[Round "6"]
[White "Teply, Jan"]
[Black "Borkovec, Ondrej"]
[Result "0-1"]
[WhiteElo "1297"]
[BlackElo "1485"]
[PlyCount "114"]
[EventDate "2023.12.??"]
[EventType "tourn"]
[EventRounds "7"]

1. Nf3 Nf6 2. g3 d5 3. Bg2 Bg4 4. O-O e6 5. d3 Be7 6. Nbd2 c5 7. e4 dxe4 8.
dxe4 Nc6 9. Re1 Qc7 10. Re3 Rd8 11. Qe1 Nb4 12. Rc3 Nd7 13. a3 Nc6 14. Nf1 Bf6
15. Bg5 Nce5 16. Nxe5 Qxe5 17. Bxf6 Nxf6 18. Ne3 Bh5 19. Nc4 Qc7 20. e5 Nd5 21.
Rd3 O-O 22. Bf3 Bg6 23. Be4 b5 24. Nd2 Qxe5 25. Bxg6 Qxe1+ 26. Rxe1 hxg6 27.
Ne4 c4 28. Rd2 Rd7 29. Red1 Rc8 30. Nc3 Rc5 31. Ne4 Rc8 32. Nc3 Nxc3 33. Rxd7
Nxd1 34. Rxd1 Rc7 35. b3 cxb3 36. cxb3 Kf8 37. Rd4 Ke7 38. a4 a6 39. Rb4 Rc5
40. Kg2 Kd6 41. axb5 Rxb5 42. Ra4 a5 43. Kf3 Rxb3+ 44. Ke2 Rb5 45. Rd4+ Kc6 46.
Rd8 Rb7 47. Ra8 Kb6 48. h4 Ra7 49. Rb8+ Kc5 50. Kd3 a4 51. Rb1 a3 52. Kc3 Kd5
53. Kd3 a2 54. Ra1 Ra3+ 55. Ke2 Kc4 56. Kd2 Kb3 57. Kc1 Ra5 0-1

[Event "Brno /Olexa/"]
[Site "Brno"]
[Date "2023.12.30"]
[Round "6"]
[White "Slegl, Milan"]
[Black "Carbonai, Gabriele"]
[Result "1-0"]
[WhiteElo "1456"]
[BlackElo "1228"]
[PlyCount "79"]
[EventDate "2023.12.??"]
[EventType "tourn"]
[EventRounds "7"]

1. d4 d5 2. c4 e6 3. Nc3 Nf6 4. Nf3 Nbd7 5. Qc2 Be7 6. e3 c6 7. b3 O-O 8. Bb2
Re8 9. Bd3 b6 10. O-O Bb7 11. e4 dxe4 12. Nxe4 h6 13. Rfe1 Qc7 14. Rad1 Nh5 15.
Bc1 f5 16. Ng3 Nxg3 17. hxg3 Bf6 18. Ne5 Nxe5 19. dxe5 Bxe5 20. Qe2 Bd4 21. Bb2
Bxb2 22. Qxb2 c5 23. Re5 Qc6 24. Bf1 Rad8 25. Rde1 Rd6 26. Qe2 Qd7 27. Qh5 Qf7
28. Qh3 Qf6 29. g4 Be4 30. Qh2 Rd2 31. gxf5 Bxf5 32. Qf4 Rd4 33. Qf3 Qg6 34.
Qc6 Rh4 35. Rxf5 Kh7 36. Rfe5 Rf4 37. R5e3 Rf6 38. Bd3 Rf5 39. Bxf5 Qxf5 40.
Qxe8 1-0

[Event "Brno /Olexa/"]
[Site "Brno"]
[Date "2023.12.30"]
[Round "6"]
[White "Vindis, Patrik"]
[Black "Levchenko, Alisa"]
[Result "0-1"]
[WhiteElo "1071"]
[BlackElo "1178"]
[PlyCount "74"]
[EventDate "2023.12.??"]
[EventType "tourn"]
[EventRounds "7"]

1. d4 e6 2. e4 d5 3. e5 c5 4. Nf3 Nc6 5. Bb5 a6 6. Bxc6+ bxc6 7. O-O cxd4 8.
Qxd4 c5 9. Qg4 h6 10. c3 Ne7 11. Be3 Nf5 12. Qa4+ Bd7 13. Qc2 Nxe3 14. fxe3 Bb5
15. Rd1 Qb6 16. a4 Bc6 17. a5 Qb7 18. Nbd2 Be7 19. b3 O-O 20. c4 d4 21. exd4
cxd4 22. Qd3 Rfd8 23. Ra2 Bb4 24. Qb1 Rd7 25. Rf1 Rad8 26. Qd3 Qc7 27. Qb1 Rb8
28. Qd3 Bxa5 29. c5 Bb5 30. Nc4 Bc3 31. Nfd2 Bxd2 32. Rxd2 Qxc5 33. Rdf2 Rc8
34. Rc1 Rdc7 35. Qe4 d3 36. Kf1 Qd5 37. Qxd5 exd5 0-1

[Event "Brno /Olexa/"]
[Site "Brno"]
[Date "2023.12.30"]
[Round "7"]
[White "Jires, Jiri"]
[Black "Havelka, Ondrej"]
[Result "1/2-1/2"]
[WhiteElo "2138"]
[BlackElo "2155"]
[PlyCount "26"]
[EventDate "2023.12.??"]
[EventType "tourn"]
[EventRounds "7"]

1. e4 e6 2. d4 d5 3. Nc3 dxe4 4. Nxe4 Bd7 5. Nf3 Bc6 6. Bd3 Nd7 7. O-O Ngf6 8.
Qe2 Nxe4 9. Bxe4 Bxe4 10. Qxe4 c6 11. Bf4 Be7 12. c3 O-O 13. Rfe1 Re8 {(R)}
1/2-1/2

[Event "Brno /Olexa/"]
[Site "Brno"]
[Date "2023.12.30"]
[Round "7"]
[White "Vanek, Ladislav"]
[Black "Husek, Martin"]
[Result "0-1"]
[WhiteElo "2145"]
[BlackElo "2233"]
[PlyCount "84"]
[EventDate "2023.12.??"]
[EventType "tourn"]
[EventRounds "7"]

{[%evp 0,84,12,-29,18,19,27,11,9,18,8,10,59,21,44,0,0,-5,-13,-6,-17,-17,-14,
-20,-15,-29,-16,-13,-1,-41,-43,-50,-49,-49,-56,-25,-37,-71,-71,-73,-44,-48,-40,
-35,-28,-58,-26,-17,-22,-44,-10,-63,-63,-63,-106,-106,-106,-90,-83,-89,-57,-83,
-104,-117,-89,-89,-36,-39,96,-8,58,61,54,47,42,43,51,-383,-203,-617,-685,-976,
-976,-976,-976,-1104,-1178]} 1. c4 c5 2. Nc3 g6 3. g3 Bg7 4. Bg2 Nc6 5. d3 e6
6. e4 Nge7 7. Nge2 O-O 8. a3 d6 9. Rb1 b6 10. b4 Bb7 11. O-O Qd7 12. Be3 Nd4
13. Qd2 Rac8 14. f4 f5 15. b5 {(R)} Nxe2+ 16. Nxe2 fxe4 17. dxe4 d5 18. Bh3 d4
19. Qd3 Rce8 20. Bd2 Kh8 21. a4 Qc8 22. a5 Qa8 23. Bg2 bxa5 24. g4 g5 25. Ra1
Ng6 26. Rxa5 gxf4 27. Bxf4 Nxf4 28. Rxf4 Rxf4 29. Nxf4 Be5 30. Nh5 Qb8 31. h3
Bh2+ 32. Kh1 Bc7 33. Ra2 Qd8 34. e5 Bxg2+ 35. Kxg2 Qa8+ 36. Qf3 Bxe5 37. Qxa8
Rxa8 38. Ra6 d3 39. Kf2 Rd8 40. Ke1 Bc3+ 41. Kd1 Rf8 42. Ng3 Rf3 0-1

[Event "Brno /Olexa/"]
[Site "Brno"]
[Date "2023.12.30"]
[Round "7"]
[White "Holemar, David"]
[Black "Wuensch, Radek"]
[Result "1/2-1/2"]
[WhiteElo "2196"]
[BlackElo "1974"]
[PlyCount "93"]
[EventDate "2023.12.??"]
[EventType "tourn"]
[EventRounds "7"]

1. d4 Nf6 2. Nf3 c5 3. d5 b5 4. c4 bxc4 5. Nc3 d6 6. e4 g6 7. Bxc4 Bg7 8. O-O
O-O 9. Re1 Nbd7 10. h3 Nb6 11. Bf1 Nfd7 12. a4 a5 13. Bf4 c4 14. Qd2 Nc5 15.
Qe3 Bd7 16. Bh6 Ncxa4 17. Bxg7 Kxg7 18. Nxa4 Nxa4 19. Qd4+ f6 20. Bxc4 Qb6 21.
b3 Qxd4 22. Nxd4 Nc5 23. Ra3 a4 24. bxa4 Rxa4 25. Rxa4 Nxa4 26. Bb5 Bxb5 27.
Nxb5 Rb8 28. Nd4 Kf7 29. Nc6 Ra8 30. Ra1 e6 31. Kf1 f5 32. dxe6+ Kxe6 33. exf5+
Kxf5 34. Re1 Nc3 35. Nd4+ Kf6 36. g3 d5 37. Re6+ Kf7 38. Rc6 Ne4 39. Rc7+ Kg8
40. Ke2 Ra2+ 41. Rc2 Rxc2+ 42. Nxc2 Kf7 43. Ke3 Ke6 44. Nd4+ Ke5 45. f4+ Kd6
46. g4 Nf6 47. f5 1/2-1/2

[Event "Brno /Olexa/"]
[Site "Brno"]
[Date "2023.12.30"]
[Round "7"]
[White "Smistik, Milan"]
[Black "Velim, Vojtech"]
[Result "1-0"]
[WhiteElo "2298"]
[BlackElo "1765"]
[PlyCount "59"]
[EventDate "2023.12.??"]
[EventType "tourn"]
[EventRounds "7"]

{[%evp 0,59,19,21,63,55,64,35,38,46,52,56,64,63,72,2,22,14,34,28,7,7,-2,27,27,
-14,1,-6,26,0,55,41,65,33,34,65,66,94,76,74,161,122,140,140,268,211,277,107,
127,76,194,194,218,256,424,461,483,490,776,776,776,776]} 1. e4 c6 2. d4 d5 3.
Nc3 dxe4 4. Nxe4 Bf5 5. Ng3 Bg6 6. Nf3 Nf6 7. Ne5 e6 8. h4 Nbd7 9. Nxd7 Qxd7
10. h5 Bf5 11. Nxf5 exf5 12. Be3 O-O-O 13. Qf3 Be7 14. O-O-O g6 15. d5 cxd5 16.
Bxa7 Ne4 17. Kb1 Qa4 18. Bd4 Rhe8 19. Qb3 Qa5 20. Bb5 Nd2+ 21. Rxd2 Qxd2 22.
Bc3 Qxf2 23. Bxe8 Rxe8 24. Re1 Qc5 {(R)} 25. Bb4 Qb6 26. Qa4 Qd8 27. Qa8+ Kc7
28. Rxe7+ Rxe7 29. Ba5+ b6 30. Bxb6+ 1-0

[Event "Brno /Olexa/"]
[Site "Brno"]
[Date "2023.12.30"]
[Round "7"]
[White "Branka, Julia"]
[Black "Blata, Frantisek"]
[Result "1-0"]
[WhiteElo "1466"]
[BlackElo "1732"]
[PlyCount "79"]
[EventDate "2023.12.??"]
[EventType "tourn"]
[EventRounds "7"]

1. d4 Nf6 2. c4 e6 3. Nf3 c5 4. e3 cxd4 5. exd4 d5 6. c5 Be7 7. Be2 O-O 8. O-O
b6 9. b4 a5 10. Bd2 axb4 11. Bxb4 bxc5 12. Bxc5 Bxc5 13. dxc5 Ne4 14. Qd4 Nc6
15. Qe3 Qf6 16. Nbd2 Nc3 17. Bd3 Nb4 18. Rfe1 Nxd3 19. Qxd3 Ba6 20. Qe3 Ne2+
21. Kh1 Nf4 22. Ne5 Rfd8 23. Ndf3 h6 24. Rac1 Bc4 25. a3 Bb5 26. c6 Qf5 27. Nd4
Qg5 28. g3 f6 29. gxf4 Qh5 30. Nxb5 fxe5 31. c7 Rf8 32. Nd6 d4 33. Qg3 exf4 34.
Qb3 Rxa3 35. Qxa3 Qd5+ 36. Ne4 d3 37. Qxf8+ Kh7 38. c8=Q d2 39. Qg8+ Kg6 40.
Qcxe6+ 1-0

[Event "Brno /Olexa/"]
[Site "Brno"]
[Date "2023.12.30"]
[Round "7"]
[White "Svobodova, Michaela"]
[Black "Hrdlicka, Vladan"]
[Result "1-0"]
[WhiteElo "1981"]
[BlackElo "1799"]
[PlyCount "77"]
[EventDate "2023.12.??"]
[EventType "tourn"]
[EventRounds "7"]

1. e4 e6 2. d4 d5 3. exd5 exd5 4. Nf3 Bd6 5. Bd3 Nc6 6. c3 Nge7 7. O-O Bg4 8.
Re1 Qd7 9. Nbd2 O-O 10. Nf1 Nf5 11. h3 Bxf3 12. Qxf3 Nce7 13. Bf4 Rae8 14. Be5
Bxe5 15. Rxe5 Nh6 16. Rae1 c6 17. g4 f6 18. R5e3 f5 19. g5 Nf7 20. h4 Nd6 21.
Qh3 Qd8 22. Nd2 Ne4 23. Nf3 Ng6 24. Qh2 Qd7 25. h5 Nh8 26. Ne5 Qe7 27. Bxe4
fxe4 28. g6 Rf5 29. Rg3 Ref8 30. gxh7+ Kxh7 31. Ng6 Qd7 32. Nxf8+ Rxf8 33. Ree3
Nf7 34. Rg6 Nh6 35. Reg3 Rf7 36. R3g5 Nf5 37. Qh3 e3 38. fxe3 Nxe3 39. Qxe3 1-0

[Event "Brno /Olexa/"]
[Site "Brno"]
[Date "2023.12.30"]
[Round "7"]
[White "Stara, Zuzana"]
[Black "Pribyl, Rene"]
[Result "1-0"]
[WhiteElo "1691"]
[BlackElo "1855"]
[PlyCount "63"]
[EventDate "2023.12.??"]
[EventType "tourn"]
[EventRounds "7"]

1. e4 e5 2. Nf3 Nf6 3. Nxe5 d6 4. Nf3 Nxe4 5. Nc3 Nxc3 6. dxc3 c6 7. Be3 Bg4 8.
Be2 Nd7 9. Qd2 d5 10. O-O-O Qa5 11. Kb1 O-O-O 12. Rhe1 h6 13. h3 Bh5 14. g4 Bg6
15. Nd4 Bd6 16. Nb3 Qc7 17. Bxa7 Nf6 18. Qd4 Be5 19. Qa4 Rhe8 20. Nc5 Bf4 21.
Ba6 Rxe1 22. Rxe1 Re8 23. Rxe8+ Nxe8 24. Bxb7+ Kd8 25. Bxc6 Nf6 26. Qa6 Ke7 27.
Nb3 Bd6 28. a4 Be4 29. a5 Bg2 30. Nd4 Bxh3 31. Bb6 Qb8 32. Qb7+ 1-0

[Event "Brno /Olexa/"]
[Site "Brno"]
[Date "2023.12.30"]
[Round "7"]
[White "Stary, Simon"]
[Black "Petran, Tomas"]
[Result "1-0"]
[WhiteElo "1826"]
[BlackElo "1730"]
[PlyCount "55"]
[EventDate "2023.12.??"]
[EventType "tourn"]
[EventRounds "7"]

1. e4 c5 2. Nf3 Nc6 3. d4 cxd4 4. Nxd4 Nf6 5. Nc3 d6 6. f3 g6 7. Be3 Bg7 8. Qd2
Bd7 9. Bc4 a6 10. O-O-O Qc7 11. Bb3 Na5 12. g4 Nxb3+ 13. axb3 b5 14. g5 Nh5 15.
Nd5 Qb7 16. b4 Rc8 17. Nb3 Be6 18. Na5 Qb8 19. Nb6 Rc7 20. Rhf1 O-O 21. f4 Bg4
22. Rde1 Be6 23. f5 Bd7 24. Nd5 Re8 25. Nxc7 Qxc7 26. Bd4 Bf8 27. Qf2 Rc8 28.
fxg6 1-0

[Event "Brno /Olexa/"]
[Site "Brno"]
[Date "2023.12.30"]
[Round "7"]
[White "Cisar, Jiri"]
[Black "Schmid, Jaroslav"]
[Result "0-1"]
[WhiteElo "1646"]
[BlackElo "1914"]
[PlyCount "59"]
[EventDate "2023.12.??"]
[EventType "tourn"]
[EventRounds "7"]

1. Nf3 c5 2. c4 Nc6 3. g3 Nf6 4. Bg2 d5 5. cxd5 Nxd5 6. O-O e5 7. d3 Be7 8. Bd2
O-O 9. Nc3 Nc7 10. Rc1 Rb8 11. Na4 b6 12. b3 f6 13. Bc3 Bd7 14. Bb2 Qe8 15. Nd2
Kh8 16. Nc3 Qf7 17. e3 Rbd8 18. Qe2 Rfe8 19. Rfd1 Bf8 20. h3 Nb4 21. a3 Nc6 22.
Kh2 Na5 23. Nde4 Nxb3 24. Rb1 Na5 25. Qc2 Bc6 26. Rd2 h6 27. g4 Rd7 28. Rbd1
Red8 29. Ne2 Nb3 30. Nd6 0-1

[Event "Brno /Olexa/"]
[Site "Brno"]
[Date "2023.12.30"]
[Round "7"]
[White "Divis, Jan"]
[Black "Veznik, Michael"]
[Result "0-1"]
[WhiteElo "1536"]
[BlackElo "1774"]
[PlyCount "66"]
[EventDate "2023.12.??"]
[EventType "tourn"]
[EventRounds "7"]

1. d4 d5 2. Bf4 e6 3. Nf3 c5 4. e3 a6 5. c3 Nc6 6. Nbd2 f5 7. Be2 Nf6 8. Ne5
Nxe5 9. Bxe5 Bd6 10. Nf3 O-O 11. Bxd6 Qxd6 12. Ne5 c4 13. O-O b5 14. a3 Ra7 15.
h3 g5 16. f4 Rg7 17. Bf3 Bd7 18. fxg5 Rxg5 19. h4 Rg7 20. Qe2 Be8 21. Rf2 h5
22. Kf1 Kh8 23. Ke1 a5 24. Kd1 Rb7 25. Ke1 Rg8 26. Qd2 Qe7 27. Qc1 Qg7 28. Re2
Rb6 29. Rb1 b4 30. axb4 axb4 31. cxb4 Ba4 32. Qd2 Rgb8 33. Qd1 Bxd1 0-1

[Event "Brno /Olexa/"]
[Site "Brno"]
[Date "2023.12.30"]
[Round "7"]
[White "Borkovec, Ondrej"]
[Black "Neduchal, Jiri"]
[Result "1-0"]
[WhiteElo "1485"]
[BlackElo "1766"]
[PlyCount "71"]
[EventDate "2023.12.??"]
[EventType "tourn"]
[EventRounds "7"]

1. d4 Nf6 2. c4 g6 3. Nc3 d5 4. cxd5 Nxd5 5. e4 Nxc3 6. bxc3 Bg7 7. Nf3 O-O 8.
Rb1 c5 9. Be2 Nc6 10. d5 Bxc3+ 11. Bd2 Bxd2+ 12. Qxd2 Nd4 13. Nxd4 cxd4 14.
Qxd4 Qa5+ 15. Qd2 Qd8 16. h4 Qd6 17. h5 Qf6 18. hxg6 fxg6 19. Bc4 Kh8 20. f3 b6
21. Ke2 Bd7 22. Qb2 Qxb2+ 23. Rxb2 Rac8 24. Rc2 Ba4 25. Rcc1 b5 26. Bb3 Bxb3
27. axb3 a5 28. Rc6 Rxc6 29. dxc6 Rc8 30. Rc1 a4 31. bxa4 bxa4 32. Kd3 Kg7 33.
Kd4 Kf7 34. Kc5 Ke6 35. Kb6 a3 36. Kb7 1-0

[Event "Brno /Olexa/"]
[Site "Brno"]
[Date "2023.12.30"]
[Round "7"]
[White "Zeman, Arnost"]
[Black "Timko, Daniel"]
[Result "1-0"]
[WhiteElo "1706"]
[BlackElo "1565"]
[PlyCount "137"]
[EventDate "2023.12.??"]
[EventType "tourn"]
[EventRounds "7"]

1. Nf3 Nf6 2. d4 c5 3. e3 d5 4. Bb5+ Nc6 5. Ne5 Qc7 6. O-O a6 7. Bxc6+ bxc6 8.
Nd2 cxd4 9. exd4 c5 10. c3 cxd4 11. cxd4 e6 12. Qa4+ Bd7 13. Nxd7 Qxd7 14.
Qxd7+ Nxd7 15. Nf3 Bd6 16. Bd2 Ke7 17. Rfc1 Rhc8 18. b3 Ba3 19. Rxc8 Rxc8 20.
Kf1 f6 21. Ne1 Bb2 22. Bb4+ Ke8 23. Rd1 Nb8 24. Ke2 Kd7 25. Rd2 Bc1 26. Rc2
Rxc2+ 27. Nxc2 Bf4 28. g3 Bc7 29. Bf8 g6 30. Kd3 e5 31. f3 f5 32. dxe5 Bxe5 33.
f4 Bc7 34. Bc5 Nc6 35. b4 Nd8 36. Nd4 Nb7 37. Bf8 Nd6 38. Bxd6 Bxd6 39. Kc3 Bc7
40. Nb3 Bb6 41. Nd4 Kc8 42. Kd3 Kb7 43. Nf3 Kc6 44. a4 Ba7 45. Nd4+ Kb7 46. Ne6
Bg1 47. h3 Bh2 48. g4 fxg4 49. hxg4 h5 50. gxh5 gxh5 51. f5 Bd6 52. Nc5+ Ka7
53. Kd4 h4 54. Nd3 h3 55. Nf2 Bxb4 56. Nxh3 Kb6 57. Kxd5 Ka5 58. f6 Kxa4 59.
Kc4 Bf8 60. Ng5 Ka5 61. Ne6 Bd6 62. Kd5 Ba3 63. Kc6 Bb4 64. Nc5 Bc3 65. f7 Bg7
66. Ne6 Bh6 67. Kd6 Kb6 68. Ke7 Kc6 69. Nd4+ 1-0

[Event "Brno /Olexa/"]
[Site "Brno"]
[Date "2023.12.30"]
[Round "7"]
[White "Doskar, Miloslav"]
[Black "Slegl, Milan"]
[Result "0-1"]
[WhiteElo "1462"]
[BlackElo "1456"]
[PlyCount "110"]
[EventDate "2023.12.??"]
[EventType "tourn"]
[EventRounds "7"]

1. e4 c6 2. Nf3 d5 3. exd5 cxd5 4. d4 Nc6 5. h3 Bf5 6. Nbd2 e6 7. Bb5 a6 8. Ba4
b5 9. Bb3 Na5 10. c3 Bd6 11. Bc2 Ne7 12. Bxf5 Nxf5 13. O-O O-O 14. Re1 Qc7 15.
Nf1 Rac8 16. Ne3 Nxe3 17. Bxe3 Nc4 18. Qe2 Nxe3 19. Qxe3 Bf4 20. Qd3 Qc4 21.
Qxc4 Rxc4 22. Ne5 Bxe5 23. Rxe5 a5 24. Re3 Rfc8 25. Rd1 Kf8 26. Kf1 b4 27. Rdd3
Ke7 28. Ke2 Kd6 29. Kd2 bxc3+ 30. Rxc3 Rxd4+ 31. Ke2 Rdc4 32. Kd3 Rxc3+ 33.
bxc3 Rc4 34. Re2 f6 35. Rb2 Ra4 36. g3 g5 37. f3 Rc4 38. Rb7 h6 39. Rh7 Ke5 40.
Rxh6 Ra4 41. Rh5 Kf5 42. Rh6 e5 43. h4 gxh4 44. gxh4 Rxa2 45. Rh8 Rh2 46. Ra8
Kf4 47. Rxa5 e4+ 48. fxe4 dxe4+ 49. Kd4 Rxh4 50. c4 Rh1 51. Ra6 Rd1+ 52. Kc5 f5
53. Kc6 e3 54. Kc7 Rc1 55. Ra4 Kf3 0-1

[Event "Brno /Olexa/"]
[Site "Brno"]
[Date "2023.12.30"]
[Round "7"]
[White "Matzner, Radomil"]
[Black "Nisztuk, Michal"]
[Result "0-1"]
[WhiteElo "1740"]
[BlackElo "1447"]
[Annotator "Kalendovský,Jan"]
[PlyCount "76"]
[EventDate "2023.12.??"]
[EventType "tourn"]
[EventRounds "7"]

1. e4 e5 2. Nf3 Nc6 3. Bb5 Nf6 4. d3 d6 5. h3 Be7 6. O-O O-O 7. Nc3 Bd7 8. Bg5
a6 9. Ba4 h6 10. Bxf6 Bxf6 11. Nd5 Rb8 12. Nxf6+ Qxf6 13. Nh2 b5 14. Bb3 Nd4
15. c3 Ne6 16. Ng4 Qg5 17. Bxe6 Bxe6 18. Kh1 f5 19. exf5 Rxf5 20. Ne3 Rf4 21.
Qe2 Rbf8 22. f3 Qh5 23. Ng4 Qh4 {[#]} 24. Qf2 $4 Rxg4 25. Qxh4 Rxh4 26. g4 h5
27. Kg2 hxg4 28. hxg4 Bd5 29. Kg3 Rh6 30. a4 Rhf6 31. axb5 axb5 32. Ra7 Rxf3+
33. Rxf3 Rxf3+ 34. Kh4 Rxd3 35. Rxc7 e4 36. g5 g6 37. Rd7 Be6 38. Rd8+ Kg7 0-1

[Event "Brno /Olexa/"]
[Site "Brno"]
[Date "2023.12.30"]
[Round "7"]
[White "Dolezal, Josef"]
[Black "Teply, Jan"]
[Result "0-1"]
[WhiteElo "1194"]
[BlackElo "1297"]
[PlyCount "78"]
[EventDate "2023.12.??"]
[EventType "tourn"]
[EventRounds "7"]

1. e4 d6 2. d4 Nf6 3. Nc3 g6 4. h3 Bg7 5. g4 c5 6. Nge2 cxd4 7. Nxd4 Nc6 8. Be3
Bd7 9. Bg2 Qa5 10. Qd2 Qb4 11. O-O Nxd4 12. Bxd4 Nxe4 13. Qe2 Bxd4 14. Nxe4 Be5
15. f4 Bb5 16. c3 Bxe2 17. cxb4 Bxf1 18. fxe5 Bxg2 19. Kxg2 dxe5 20. Rc1 f6 21.
Rc7 b6 22. Nc3 Kd8 23. Rb7 Re8 24. Nb5 Kc8 25. Rc7+ Kb8 26. Rd7 a6 27. Nc7 Kc8
28. Nxa8 Kxd7 29. Nxb6+ Kc6 30. Na4 Kb5 31. Nc5 Rd8 32. Kf3 Rd2 33. Ke4 Rxb2
34. a4+ Kxb4 35. Nd3+ Kc3 36. Nxb2 Kxb2 37. Kd5 Kb3 38. h4 Kxa4 39. h5 Kb4 0-1

[Event "Brno /Olexa/"]
[Site "Brno"]
[Date "2023.12.30"]
[Round "7"]
[White "Rampulova, Marketa"]
[Black "Levchenko, Alisa"]
[Result "0-1"]
[WhiteElo "1260"]
[BlackElo "1178"]
[PlyCount "114"]
[EventDate "2023.12.??"]
[EventType "tourn"]
[EventRounds "7"]

1. e4 e6 2. d4 d5 3. e5 c5 4. c3 Nc6 5. Na3 Qb6 6. Nc2 cxd4 7. cxd4 Nge7 8. Be2
Nf5 9. Nf3 Be7 10. g4 Nh4 11. Kf1 Nxf3 12. Bxf3 h6 13. Kg2 Bd7 14. a3 Na5 15.
Rb1 Ba4 16. Be3 Rc8 17. b4 Nc4 18. Qe2 Bxc2 19. Rbc1 Ba4 20. Qd3 O-O 21. h4
Nxe3+ 22. Qxe3 Rxc1 23. Rxc1 Bxh4 24. Be2 Bb5 25. Bd1 Bc4 26. Bc2 a5 27. Rh1 {
[#]} g5 $2 28. Rxh4 Kg7 29. Rxh6 Rg8 30. Rh7+ Kf8 31. Rh6 axb4 32. axb4 Qxb4
33. Bh7 Rg7 34. Bc2 b5 35. Rh8+ Rg8 36. Rxg8+ Kxg8 37. Qxg5+ Kf8 {[#]} 38. Bh7
$2 Ke8 39. Qg8+ Qf8 40. g5 $2 Qxg8 41. Bxg8 Ke7 42. f4 Ba2 43. Bh7 b4 44. f5
exf5 45. Bxf5 b3 46. e6 b2 47. exf7 Kxf7 48. Kg3 b1=Q 49. Bxb1 Bxb1 50. Kf4 Kg6
51. Ke5 Be4 52. Kf4 Kh5 53. g6 Kxg6 54. Ke3 Kf5 55. Kd2 Kf4 56. Ke2 Bh1 57. Kd2
Ke4 0-1

[Event "Brno /Olexa/"]
[Site "Brno"]
[Date "2023.12.30"]
[Round "7"]
[White "Carbonai, Gabriele"]
[Black "Branka, Natalia"]
[Result "1-0"]
[WhiteElo "1228"]
[BlackElo "1032"]
[PlyCount "105"]
[EventDate "2023.12.??"]
[EventType "tourn"]
[EventRounds "7"]

1. e4 e5 2. Nf3 Nc6 3. d4 exd4 4. Bc4 Bb4+ 5. c3 dxc3 6. Nxc3 Nge7 7. Qb3 O-O
8. O-O d6 9. Ng5 Qe8 10. Nb5 Ba5 11. Be3 h6 12. Nf3 a6 13. Nbd4 Nxd4 14. Nxd4
Ng6 15. Bd3 Ne5 16. Bc2 Ng4 17. Bf4 Qe7 18. Qg3 Qf6 19. Rad1 Bb6 20. Be3 Nxe3
21. fxe3 Qe7 22. Rf4 Qe5 23. Qf2 Qg5 24. h4 Qe7 25. Rf1 c5 26. Ne2 c4 27. Nc3
Be6 28. Re1 Rad8 29. Qg3 Bc7 30. Nd5 Bxd5 31. exd5 Qe5 32. Qf2 Rde8 33. Re4
Qxd5 34. Rxe8 Rxe8 35. b3 Bb6 36. bxc4 Qxc4 37. Bb3 Qc7 38. Kh1 Kh8 39. Bxf7
Rf8 40. Rf1 Bxe3 41. Qxe3 Rxf7 42. Qe8+ Kh7 43. Qxf7 Qd8 44. Qf5+ Kg8 45. Qf7+
Kh7 46. Rf4 d5 47. Rd4 Qc8 48. Qxd5 Qc1+ 49. Rd1 Qc8 50. Rf1 Kh8 51. h5 Qe8 52.
Qf7 Qxf7 53. Rxf7 1-0